Statistics for Aru Shah

Click here to take the quiz!

General Stats

  • This quiz has been taken 77 times
  • The average score is 12 of 15

Answer Stats

HintAnswer% Correct
daughter of indraaru
100%
sanitiser obsessedmini
98%
her 'not' crushaiden
96%
loves oreosboo
96%
strong girlbrynne
96%
naga prince with an 'amazing' sense of stylerudy
91%
is not called this because he's good at nappingthe sleeper
87%
authorRoshani Chokshi
77%
1st bookend of time
74%
4th bookcity of gold
72%
shapeshifterhira
70%
2nd booksong of death
70%
3rd booktree of wishes
70%
5th booknectar of immortality
68%
aiden x aru =ligteningsmoulder/aruden
57%

Score Distribution

Percentile by Number Answered

Percent of People with Each Score

Your Score History

You have not taken this quiz